[Event "Oberliga NRW 0001 II"]
[Site "NRW"]
[Date "2001.02.04"]
[Round "6.8"]
[White "Weber, Franz Josef"]
[Black "Becker Sievert, Maik"]
[Result "1-0"]
[WhiteElo "2177"]
[BlackElo "1710"]
[PlyCount "55"]
[EventDate "2000.09.24"]
[EventType "team"]
[EventRounds "9"]
[EventCountry "GER"]
[SourceTitle "EXT 2006"]
[Source "ChessBase"]
[SourceDate "2005.11.24"]
[SourceVersion "1"]
[SourceVersionDate "2005.11.24"]
[SourceQuality "1"]
[WhiteTeam "Monheim"]
[BlackTeam "Enger Spenge"]
[WhiteTeamCountry "GER"]
[BlackTeamCountry "GER"]

1. e4 e5 2. Nf3 Nc6 3. Bb5 d6 4. d4 exd4 5. Nxd4 Bd7 6. Nc3 Nxd4 7. Bxd7+ Qxd7 8. Qxd4 Nf6 9. 0-0 Be7 10. Bg5 0-0 11. Rad1 Qc6 12. Rfe1 Rfe8 13. h3 Nd7 14. Bxe7 Rxe7 15. Nd5 Ree8 16. Rd3 Nc5 17. Rc3 a5 18. a3 Rac8 19. b4 axb4 20. axb4 Ne6 21. Qd2 Qd7 22. f4 Qd8 23. f5 Nf8 24. f6 g6 25. e5 Rxe5 26. Rxe5 dxe5 27. Ne7+ Kh8 28. Rd3 1-0